[Event "SVK-chT2A 1819"]
[Site "Slovakia"]
[Date "2018.11.18"]
[Round "4.3"]
[White "Nestorenko, Dmitry"]
[Black "Arendas, Marek"]
[Result "1/2-1/2"]
[WhiteElo "2146"]
[BlackElo "2122"]
[PlyCount "30"]
[EventDate "2018.10.13"]
[EventType "team-tourn"]
[EventRounds "11"]
[EventCountry "SVK"]
[SourceTitle "CBM 189 Extra"]
[Source "ChessBase"]
[SourceDate "2019.06.03"]
[SourceVersion "1"]
[SourceVersionDate "2019.06.03"]
[SourceQuality "1"]
[WhiteTeam "Bratislava Slovan V"]
[BlackTeam "Trnava Lokomotiva"]
[WhiteTeamCountry "SVK"]
[BlackTeamCountry "SVK"]

1. e4 c5 2. f4 Nc6 3. Nc3 g6 4. Bc4 Bg7 5. Nf3 d6 6. 0-0 e6 7. Re1 Nge7 8. Ne2 d5 9. exd5 Nxd5 10. c3 0-0 11. d4 cxd4 12. Nexd4 Nxd4 13. Nxd4 Qd6 14. Nb3 Rd8 15. Bxd5 Qxd5 1/2-1/2

[Event "Bratislava Slovan op"]
[Site "Bratislava"]
[Date "2018.05.01"]
[Round "7"]
[White "Nestorenko, Dmitry"]
[Black "Duraj, Jan"]
[Result "1-0"]
[WhiteElo "2277"]
[BlackElo "1913"]
[PlyCount "47"]
[EventDate "2018.04.27"]
[EventType "swiss"]
[EventRounds "9"]
[EventCountry "SVK"]
[SourceTitle "EXT 2023"]
[Source "ChessBase"]
[SourceDate "2022.10.05"]
[SourceVersion "1"]
[SourceVersionDate "2022.10.05"]
[SourceQuality "1"]

1. e4 e5 2. Nf3 Nc6 3. c3 d5 4. Qa4 dxe4 5. Nxe5 Qd6 6. Nxc6 bxc6 7. Qxe4+ Be7 8. d4 Nf6 9. Qc2 0-0 10. Bd3 Re8 11. 0-0 Bg4 12. Bg5 h6 13. Bh4 Nd5 14. Bg3 Qd7 15. Nd2 f5 16. Be5 Rf8 17. h3 Bh5 18. a3 f4 19. c4 f3 20. cxd5 fxg2 21. Kxg2 cxd5 22. f4 c6 23. Rac1 c5 24. dxc5 1-0

[Event "Bratislava Slovan op"]
[Site "Bratislava"]
[Date "2018.04.28"]
[Round "2"]
[White "Hujo, Jozef"]
[Black "Nestorenko, Dmitry"]
[Result "1/2-1/2"]
[WhiteElo "1965"]
[BlackElo "2277"]
[PlyCount "112"]
[EventDate "2018.04.27"]
[EventType "swiss"]
[EventRounds "9"]
[EventCountry "SVK"]
[SourceTitle "EXT 2023"]
[Source "ChessBase"]
[SourceDate "2022.10.05"]
[SourceVersion "1"]
[SourceVersionDate "2022.10.05"]
[SourceQuality "1"]

1. d4 e6 2. Bf4 b6 3. e3 Bb7 4. Nf3 Nf6 5. Nbd2 Be7 6. Bd3 c5 7. c3 Nc6 8. 0-0 d5 9. Ne5 0-0 10. Qf3 Nxe5 11. dxe5 Nd7 12. Qh3 g6 13. Rad1 Re8 14. Rfe1 f5 15. exf6 Bxf6 16. e4 Be5 17. Bh6 Bg7 18. e5 Nxe5 19. Bb5 Bc6 20. Bxc6 Nxc6 21. Bxg7 Kxg7 22. Rxe6 Rxe6 23. Qxe6 Qe8 24. Re1 Qxe6 25. Rxe6 Rc8 26. Rd6 d4 27. Ne4 Re8 28. f3 dxc3 29. Rd7+ Re7 30. Rxe7+ Nxe7 31. Nxc3 Kf6 32. Kf2 Ke5 33. Ke2 Nf5 34. g3 Nd4+ 35. Ke3 Nf5+ 36. Kd3 Nd6 37. Nd1 g5 38. Ne3 h5 39. Nc4+ Nxc4 40. Kxc4 h4 41. a4 a6 42. a5 bxa5 43. Kxc5 a4 44. Kc4 Ke6 45. Kd4 hxg3 46. hxg3 Kd6 47. f4 gxf4 48. gxf4 Ke6 49. Ke4 Kf6 50. f5 Kf7 51. Ke5 Ke7 52. Kd5 Kf6 53. Kc5 Kxf5 54. Kb6 Ke5 55. Kxa6 Kd6 56. Kb6 Kd7 1/2-1/2